000
00326nam a22001337a 4500
008
170525b xxu||||| |||| 00| 0 eng d
020
_a
389044458
041
_a
eng
080
_a
621.3
100
_a
26
101
_a
IM
245
_a
INTRODUCTION TO THE INIFIED THEORY OF ELECTROMAGNETIC MACHINES
_c
SAY,M.G
942
_2
udc
_c
BK
999
_c
14297
_d
14297